000 00630nam a2200229 i 4500
001 C2-0234204
003 PPAK
005 20180727194721.0
008 010708s1953 enk |||| ||||| | eng d
040 _aPPAK
_beng
_cPPAK
_erda
082 0 4 _a809.2
_223
090 0 0 _a809.2
_bODO
_dKSI
100 1 _aO'Donnell, Margaret J.,
_eauthor
245 1 0 _aFeet on the ground
264 1 _aLondon :
_bBlackie & Son Ltd. ,
_c1953
300 _axii, 308 pages ;
_c18 cm
336 _2rdacontent
_atext
337 _2rdamedia
_aunmediated
338 _2rdacarrier
_avolume
650 1 0 _aLiterature - History and criticism
942 _ddc
_cB
999 _c50506
_d50506